Titanic-visa - Statistics

Yleistilastot
  • Tätä visaa on pelattu 36 kertaa
  • Keskiarvotulos 13 / 30
Vastaustilastot
Kysymys Vastaus % Oikein
Mihin Titanic törmäsi kello 23:40? Jäävuoreen
81%
Millä merellä Titanic upposi? Pohjois-Atlantti
81%
Minä vuonna Titanic upposi? 1912
78%
Minkä maan lipun alla Titanic oli? Iso-Britannia
70%
Mikä kaupunki oli Titanicin määränpäänä? New York
70%
Minä vuonna julkaistiin 11 Oscar-palkinnon Titanic-elokuva? 1997
67%
Mitä Titanicilla oli liian vähän? Pelastusveneitä
67%
Ketkä pelastettiin Titanicilta ensimmäisinä? Naiset ja lapset
59%
Minkä kaupungin telakalla Titanic rakennettiin? Belfast
56%
Kenen suomalaisen laulajan kappale on "Titanic" vuodelta 1981? Frederik
52%
Missä maassa teki ensimmäisen välipysähdyksen Cherbourgissa? Ranska
52%
Mistä kaupungista Titanic lähti neitsytmatkalleen? Southampton
52%
Minä vuonna Titan-pienoissukellusvene upposi lähelle Titanicin hylkyä? 2023
48%
Kuka oli Titanicin kapteeni joka upposi laivansa mukana? Edward J. Smith
48%
Missä kaupungissa oli Titanicin kotisatama? Liverpool
48%
Minä päivämääränä Titanic aloitti neitsytmatkansa? 10. huhtikuuta
44%
Missä maassa teki toisen välipysähdyksen Cobhissa? Irlanti
44%
Minä päivämääränä Titanic upposi kello 2:20? 15. huhtikuuta
37%
Mikä alus saapui ensimmäisenä Titanicin uppoamispaikalle kello 4:00? RMS Carpathia
37%
Minä vuonna 3800m syvyydessä olevan Titanicin hylky löydettiin? 1985
33%
Mikä oli sisarlaiva joka upposi sairaalalaivana 1916 osuttuaan miinaan? HMHS Britannic
33%
Mikä oli sisarlaivan nimi joka rakennettiin samaan aikaan Titanicin kanssa? RMS Olympic
30%
Minkä laivavarustamon lipun alla Titanic oli? White Star Line
30%
Kuka oli Titanicin suunnittelija? Thomas Andrews
26%
Kuka oli Titanicin perämies? William Murdoch
22%
Kuka oli Titanicin omistaja? J. Bruce Ismay
19%
Mikä alus oli lähimpänä Titanicia, muttei vastannut hätäkutsuun? SS Californian
19%
Kuka oli Titanicin rikkain matkustaja? John Jacob Astor
15%
Kuka oli varakas naismatkustaja joka auttoi pelastustöissä? Margaret Brown
15%
Mikä oli lähin maa-alue 700km päässä uppoamispaikasta? Newfoundland
15%
Ehtoja vastaavia visoja ei löytynyt
Tulosjakauma
Jokaisen tuloksen saaneiden osuus
Persentiili vastausten määrän mukaan
Tuloshistoriasi
Et ole pelannut tätä visaa